| 000 | 01611nam a2200289 a 4500 | ||
|---|---|---|---|
| 001 | BRCA_2569 | ||
| 005 | 20190320203853.0 | ||
| 008 | 271108s1875----sp-a---###---#000-0#spa-u | ||
| 041 | _aspa | ||
| 044 | _asp | ||
| 084 |
_a170 _b.M87 _c1875 |
||
| 100 | 1 |
_aCervantes Saavedra, Miguel de _d1547-1616 _9213 |
|
| 245 | 1 | 0 |
_aEl Ingenioso Hidalgo Don Quijote de la Mancha _cpor Miguel de Cervantes Saavedra. |
| 260 |
_aMadrid _bJ. A. Muñoz _c1875 |
||
| 300 |
_a2 v. _bil. _c32 cm. _e1 mapa y láminas plegables |
||
| 500 | _aContenido : v 1. Primera parte. Advertencia del editor. Dedicatoria del autor. Prólogo del autor. Versos preliminares. Texto. -- v 2. Segunda parte. Dedicatoria del autor. Prólogo del autor. Mapa de los viajes de D. Quijote. Texto | ||
| 500 | _aEdición : Ilustrada con un mapa y magníficos grabados. Nueva publicación de gran lujo | ||
| 500 | _aEdición bien impresa con letra clara, pero en papel malo, a pesar de titularla el editor de gran lujo. Precédele una mediocre Vida de Cervantes, y la adornan varias láminas que tampoco merecen el calificativo de magníficas. Son obra de Manzano, Barneto, Padró y Narváez. Ejemplar maltratado Lúdovik Osterc | ||
| 500 | _aEstado físico : Presenta páginas desprendidas, papel quebradizo | ||
| 650 | 1 | 4 |
_aNovela española _yÉpoca clásica, 1500-1700 _9215 |
| 650 | 1 | 4 |
_aLiteratura española _yÉpoca clásica, 1500-1700 _9216 |
| 650 | 1 | 4 |
_aNovela española _ySiglo XVII _9217 |
| 650 | 1 | 4 |
_aDon Quijote (Personaje ficticio) _eNovela _9218 |
| 740 | 0 | _aEl Ingenioso Hidalgo Don Quijote de la Mancha | |
| 902 | _aQFM | ||
| 942 |
_2lcc _cB |
||
| 999 |
_c2309 _d2309 |
||